000
00293nam a22000977a 4500
040
_c
rua
082
_a
631 FRA 1992 A084 Or.
245
_a
Matériels pour l'agriculture : 1500 références pour l'équipement des petites et moyennes exploitations
260
_a
phnom penh
_b
rua
_c
1992
942
_c
FB
999
_c
21397
_d
21397